<?xml version="1.0" encoding="UTF-8"?>
<record
    xmlns:xsi="http://www.w3.org/2001/XMLSchema-instance"
    xsi:schemaLocation="http://www.loc.gov/MARC21/slim http://www.loc.gov/standards/marcxml/schema/MARC21slim.xsd"
    xmlns="http://www.loc.gov/MARC21/slim">

  <leader>01555nam a22003371a 4500</leader>
  <controlfield tag="001">000052937</controlfield>
  <controlfield tag="005">20200120222743.0</controlfield>
  <controlfield tag="008">130212k19621980ck     g      000 0 spa d</controlfield>
  <datafield tag="041" ind1="0" ind2=" ">
    <subfield code="a">spa</subfield>
  </datafield>
  <datafield tag="043" ind1=" " ind2=" ">
    <subfield code="a">s-ck---</subfield>
  </datafield>
  <datafield tag="082" ind1="0" ind2="4">
    <subfield code="a">924.61</subfield>
    <subfield code="b">C17</subfield>
    <subfield code="2">21</subfield>
  </datafield>
  <datafield tag="100" ind1="1" ind2=" ">
    <subfield code="a">Caro, Miguel Antonio,</subfield>
    <subfield code="d">1843-1909.</subfield>
  </datafield>
  <datafield tag="245" ind1="1" ind2="3">
    <subfield code="a">Obras /</subfield>
    <subfield code="c">Miguel Antonio Caro.</subfield>
  </datafield>
  <datafield tag="250" ind1=" " ind2=" ">
    <subfield code="a">1a. ed.</subfield>
    <subfield code="b">Carlos Valderrama Andrade.</subfield>
  </datafield>
  <datafield tag="260" ind1=" " ind2=" ">
    <subfield code="a">Bogot&#xE1; :</subfield>
    <subfield code="b">Instituto Caro y Cuervo,</subfield>
    <subfield code="c">1962-</subfield>
    <subfield code="c">1980.</subfield>
  </datafield>
  <datafield tag="300" ind1=" " ind2=" ">
    <subfield code="a">3 v.</subfield>
  </datafield>
  <datafield tag="490" ind1="0" ind2=" ">
    <subfield code="a">Cl&#xE1;sicos colombianos</subfield>
    <subfield code="v">4 ;</subfield>
    <subfield code="v">6 ;</subfield>
    <subfield code="v">8</subfield>
  </datafield>
  <datafield tag="500" ind1=" " ind2=" ">
    <subfield code="a">Vol&#xFA;menes 1, 2 y 3 ejemplares 1 de Biblioparque de Funza : Colecci&#xF3;n Proveniente de la Antigua Biblioteca Municipal, Centro Cultural Bacat&#xE1;, Funza (Cundinamarca).</subfield>
  </datafield>
  <datafield tag="500" ind1=" " ind2=" ">
    <subfield code="a">Incluye diversos tipos de indices.</subfield>
  </datafield>
  <datafield tag="505" ind1="0" ind2=" ">
    <subfield code="g">v.1 :</subfield>
    <subfield code="t">Filosof&#xED;a, religi&#xF3;n, pedagog&#xED;a. --</subfield>
    <subfield code="g">v.2 :</subfield>
    <subfield code="t">Gram&#xE1;tica de la lengua latina para el uso de los que hablan castellano. --</subfield>
    <subfield code="g">v.3 :</subfield>
    <subfield code="t">Estudios lingu&#xED;sticos, gramaticales y filol&#xF3;gicos.</subfield>
  </datafield>
  <datafield tag="600" ind1="1" ind2="4">
    <subfield code="a">Caro, Miguel Antonio,</subfield>
    <subfield code="b">1843-1909</subfield>
    <subfield code="v">Biograf&#xED;as .</subfield>
  </datafield>
  <datafield tag="600" ind1="1" ind2="4">
    <subfield code="a">Caro, Miguel Antonio,</subfield>
    <subfield code="b">1843-1909</subfield>
    <subfield code="x">Colecciones de escritos.</subfield>
  </datafield>
  <datafield tag="600" ind1="1" ind2="4">
    <subfield code="a">Caro, Miguel Antonio,</subfield>
    <subfield code="b">1843-1909</subfield>
    <subfield code="x">Pensamiento filos&#xF3;fico.</subfield>
  </datafield>
  <datafield tag="610" ind1="2" ind2="4">
    <subfield code="a">Iglesia Cat&#xF3;lica</subfield>
    <subfield code="z">Colombia.</subfield>
  </datafield>
  <datafield tag="650" ind1="1" ind2="7">
    <subfield code="a">Filosof&#xED;a</subfield>
    <subfield code="z">Colombia.</subfield>
  </datafield>
  <datafield tag="650" ind1="2" ind2="4">
    <subfield code="a">Educaci&#xF3;n</subfield>
    <subfield code="z">Colombia.</subfield>
  </datafield>
  <datafield tag="700" ind1="1" ind2=" ">
    <subfield code="a">Valderrama Andrade, Carlos,</subfield>
    <subfield code="e">editor.</subfield>
  </datafield>
  <datafield tag="740" ind1="0" ind2=" ">
    <subfield code="a">Filosof&#xED;a, religi&#xF3;n, pedagog&#xED;a.</subfield>
  </datafield>
  <datafield tag="740" ind1="0" ind2=" ">
    <subfield code="a">Gram&#xE1;tica de la lengua latina para el uso de los que hablan castellano.</subfield>
  </datafield>
  <datafield tag="740" ind1="0" ind2=" ">
    <subfield code="a">Estudios lingu&#xED;sticos, gramaticales y filol&#xF3;gicos.</subfield>
  </datafield>
  <datafield tag="999" ind1=" " ind2=" ">
    <subfield code="c">3636</subfield>
    <subfield code="d">3636</subfield>
  </datafield>
  <datafield tag="952" ind1=" " ind2=" ">
    <subfield code="0">0</subfield>
    <subfield code="1">0</subfield>
    <subfield code="2">ddc</subfield>
    <subfield code="4">0</subfield>
    <subfield code="7">0</subfield>
    <subfield code="8">GEN</subfield>
    <subfield code="a">BPMOS</subfield>
    <subfield code="b">BPMOS</subfield>
    <subfield code="d">2020-01-20</subfield>
    <subfield code="i">109097</subfield>
    <subfield code="l">0</subfield>
    <subfield code="o">924.61 C17</subfield>
    <subfield code="p">MOS004772</subfield>
    <subfield code="r">2020-01-20</subfield>
    <subfield code="t">v.2 ej.1</subfield>
    <subfield code="w">2020-01-20</subfield>
    <subfield code="y">BK</subfield>
    <subfield code="z">Quince d&#xED;as</subfield>
  </datafield>
  <datafield tag="952" ind1=" " ind2=" ">
    <subfield code="0">0</subfield>
    <subfield code="1">0</subfield>
    <subfield code="2">ddc</subfield>
    <subfield code="4">0</subfield>
    <subfield code="7">0</subfield>
    <subfield code="8">GEN</subfield>
    <subfield code="a">BPMOS</subfield>
    <subfield code="b">BPMOS</subfield>
    <subfield code="d">2020-01-20</subfield>
    <subfield code="i">109096</subfield>
    <subfield code="l">0</subfield>
    <subfield code="o">924.61 C17</subfield>
    <subfield code="p">MOS004773</subfield>
    <subfield code="r">2020-01-20</subfield>
    <subfield code="t">v.1 ej.1</subfield>
    <subfield code="w">2020-01-20</subfield>
    <subfield code="y">BK</subfield>
    <subfield code="z">Quince d&#xED;as</subfield>
  </datafield>
</record>
